1205 1502 1742 1885 1379 1199 1743 1682 1579 1100 1719 1118 1464 1357 1422 1601 1072 1209 1916 1715 1826 1910 1538 1739 1696 1335 1266 1307 1735 1206 1580 1785 1911 1467 1087 1120 1095 1481 1622 1750 1057 1733 1537 1053 1705 1429 1067 1939 1207 1805 1587 1207 1956 1315 1908 1895 1149 1288 1668 1960 1602 1659 1602 1649 1002 1103 1378 1272 2000 1911 1653 1872 1432 1489 1501 1473 1837 1774 1729 1248 1875 1320 1663 1586 1179 1569 1301 1635 1600 1834 1572 1204 1440 1848 1400 1900 1448 1528 1813 BCNSPRNW ULIB Ver.6.0+V

เปลี่ยนเป็นภาษาไทย

Change to English
 แสดงรายละเอียดบรรณานุกรม
  กลับหน้าหลัก

Brief Record : Get Marc (ISO 2709) : E-mail record : QR code < ปิดหน้าต่าง
LEADER : 00000nam 2200000uu 4500
001    13399110330
003     ULIB
008    110429s2553||||th 000 0 tha d
020    9786161100155
060  4 WM274^bส687ก 2553
100 0  สายรัตน์ นกน้อย
245 10 การบำบัดแบบสั้นในผู้มีปัญหาการดื่มสุรา =^bBrief intervention inalcohol abuse /^cสายรัตน์ นกน้อย
246 31 Brief intervention in alcohol abuse
250    พิมพ์ครั้งที่ 3
260    เชียงใหม่ :^bแผนงานการพัฒนาระบบรูปแบบและวิธีการบำบัดรักษาผู้มีปัญหาการบริโภคสุราแบบบูรณาการ โรงพยาบาลสวนปรุง,^c2553
300    [10], 38 หน้า :^bภาพประกอบ
650  4 คนดื่มสุรา^xการรักษา
650  4 คนดื่มสุรา^xการปรับพฤติกรรม
650  4 การดื่มเครื่องดื่มที่มีแอลกอฮอล์^xแง่อนามัย
650  4 ผู้ติดสุรา^xการรักษา
650  4 ผู้ติดสุรา^xการปรับพฤติกรรม
710 2  โรงพยาบาลสวนปรุง.^bแผนงานการพัฒนาระบบรูปแบบและวิธีการบำบัดรักษาผู้มีปัญหาการบริโภคสุราแบบบูรณาการ
945    ^p0^l0^i027599
995    ทศพร
999 ^a ใช้งานได้ทุกระบบ
รายการนี้ยังไม่มีแท็ก
คุณยังไม่ได้ล็อกอิน คุณสามารถมีกิจกรรมร่วมกับเว็บไซต์ได้ แต่ต้องล็อกอินก่อน ::
  ล็อกอิน

รายการสื่อสารสนเทศ

ลำดับที่ ประเภท เลขเรียก/บาร์โค้ด สถานที่ สถานะ
1. วิทยาศาสตร์การแพทย์ และสุขภาพ
หนังสือสำรอง
สถานะ=หนังสือสำรอง
WM274 ส687ก 2553 ฉ.1 
  Barcode: 027599
ห้องสมุดวิทยาเขตสวรรค์ประชารักษ์
►ส่วนจัดเก็บหนังสือเก่า สปร
บนชั้น
  ขอยืม

BibComment


ยังไม่เคยถูกคอมเมนท์

คอมเมนท์ทรัพยากรรายการนี้
  คอมเมนท์: การบำบัดแบบสั้นใน..


 Copyright 2026. Bcnsprnw @Library